Historické, politické a ekonomické príčiny škótskeho nacionalizmu diplomová práca

Salvato in:
Dettagli Bibliografici
Autore principale: Pavlovčíková, Iveta
Ente Autore: Fakulta medzinárodných vzťahov EU. Katedra medzinárodných politických vzťahov
Altri autori: Kucharčík, Rudolf, 1977-
Natura: Libro
Lingua:slovacco
Pubblicazione: Bratislava 2018
Tags: Aggiungi Tag
Nessun Tag, puoi essere il primo ad aggiungerne!!

MARC

LEADER 00000nbm a2200000 4500
001 0244431
005 20180807080520.1
041 0 |a slo 
044 |a SK 
245 1 0 |a Historické, politické a ekonomické príčiny škótskeho nacionalizmu  |b diplomová práca  |c Iveta Pavlovčíková ; školiteľ: Rudolf Kucharčík 
264 1 |a Bratislava  |c 2018 
300 |a 68 s. 
100 1 |a Pavlovčíková, Iveta 
700 1 |a Kucharčík, Rudolf, 1977- 
710 2 |a Fakulta medzinárodných vzťahov EU. Katedra medzinárodných politických vzťahov